<?xml version="1.0" encoding="UTF-8"?>
<record
    xmlns:xsi="http://www.w3.org/2001/XMLSchema-instance"
    xsi:schemaLocation="http://www.loc.gov/MARC21/slim http://www.loc.gov/standards/marcxml/schema/MARC21slim.xsd"
    xmlns="http://www.loc.gov/MARC21/slim">

  <leader>00285nam a2200133Ia 4500</leader>
  <datafield tag="020" ind1=" " ind2=" ">
    <subfield code="a">9788180546204</subfield>
  </datafield>
  <datafield tag="082" ind1=" " ind2=" ">
    <subfield code="a">344</subfield>
    <subfield code="b">KAP</subfield>
  </datafield>
  <datafield tag="100" ind1=" " ind2=" ">
    <subfield code="a">KAPOOR,N.D</subfield>
  </datafield>
  <datafield tag="245" ind1=" " ind2=" ">
    <subfield code="a">COMPANY LAW</subfield>
  </datafield>
  <datafield tag="250" ind1=" " ind2=" ">
    <subfield code="a">6th . Ed.</subfield>
  </datafield>
  <datafield tag="260" ind1=" " ind2=" ">
    <subfield code="b">SULTAN CHAND</subfield>
    <subfield code="a">New Delhi</subfield>
    <subfield code="c">2014</subfield>
  </datafield>
  <datafield tag="300" ind1=" " ind2=" ">
    <subfield code="a">362p.</subfield>
  </datafield>
  <datafield tag="942" ind1=" " ind2=" ">
    <subfield code="2">ddc</subfield>
    <subfield code="c">FCM</subfield>
    <subfield code="0">2</subfield>
  </datafield>
  <datafield tag="952" ind1=" " ind2=" ">
    <subfield code="0">0</subfield>
    <subfield code="1">0</subfield>
    <subfield code="2">ddc</subfield>
    <subfield code="4">0</subfield>
    <subfield code="7">0</subfield>
    <subfield code="8">CM</subfield>
    <subfield code="a">SSSL</subfield>
    <subfield code="b">SSSL</subfield>
    <subfield code="c">DISPLAY</subfield>
    <subfield code="d">2014-02-24</subfield>
    <subfield code="i">SGTU</subfield>
    <subfield code="l">18</subfield>
    <subfield code="o">344 KAP</subfield>
    <subfield code="p">CM410</subfield>
    <subfield code="r">2022-09-22 00:00:00</subfield>
    <subfield code="s">2022-09-08</subfield>
    <subfield code="w">2015-03-24</subfield>
    <subfield code="y">FCM</subfield>
  </datafield>
  <datafield tag="952" ind1=" " ind2=" ">
    <subfield code="0">0</subfield>
    <subfield code="1">0</subfield>
    <subfield code="2">ddc</subfield>
    <subfield code="4">0</subfield>
    <subfield code="7">0</subfield>
    <subfield code="8">CM</subfield>
    <subfield code="a">SSSL</subfield>
    <subfield code="b">SSSL</subfield>
    <subfield code="c">DISPLAY</subfield>
    <subfield code="d">2014-02-24</subfield>
    <subfield code="i">SGTU</subfield>
    <subfield code="l">27</subfield>
    <subfield code="o">344 KAP</subfield>
    <subfield code="p">CM411</subfield>
    <subfield code="r">2022-09-23 00:00:00</subfield>
    <subfield code="s">2022-09-08</subfield>
    <subfield code="w">2015-03-24</subfield>
    <subfield code="y">FCM</subfield>
  </datafield>
  <datafield tag="999" ind1=" " ind2=" ">
    <subfield code="c">6448</subfield>
    <subfield code="d">6448</subfield>
  </datafield>
</record>
